000 00603nam a2200229Ia 4500
005 20250508164559.0
008 008 250505s9999 xx 000 0 eng d
037 _aTextBook
040 _aFEDL
_beng
_cFEDL
041 _aeng
_2eng
084 _a371, JOY/R
_qFEDL
100 _aJoyce Bruce
245 0 _aModels of teaching
250 _a3
260 _aNew Delhi, India
_bPrentice Hall of India Private Limited
_c1986
300 _aix,518p.
365 _aINR
_b695
546 _aMACESE
700 _a Weil Marsha
_9778518
942 _cTB
_h371, JOY/R
999 _c1389919
_d1389919